000 00172 a2200097 4500
001 24057
100 _aMillman, J
245 _a
260 _a
_b
_c
090 _c16275
_d16275
942 _aNUST-CAE
_cM
_c6975
999 _c259130
_d259130